How to read shop drawing : with special reference to welding and welding symbols.
Guardado en:
| Autor Corporativo: | |
|---|---|
| Formato: | Libro |
| Lenguaje: | English |
| Publicado: |
Cleveland,
1961.
|
| Materias: | |
| Etiquetas: |
Agregar Etiqueta
Sin Etiquetas, Sea el primero en etiquetar este registro!
|
MARC
| LEADER | 00000nam a2200000Ia 4500 | ||
|---|---|---|---|
| 003 | 001849 | ||
| 005 | 20221231143934.0 | ||
| 008 | 140114s1961 us a 000 ||eng d | ||
| 040 | |c cru CEDI | ||
| 082 | |a 744.5 L741h | ||
| 110 | |9 20844 |a Lincoln Electric Company | ||
| 245 | |a How to read shop drawing : with special reference to welding and welding symbols. | ||
| 260 | |a Cleveland, |c 1961. | ||
| 300 | |a 187 páginas : ilustraciones ; 28 cm | ||
| 500 | |a Welding symbols as standardized by the American Welding Society. | ||
| 650 | |x SOLDADURA |x DIBUJO TECNICO |9 20845 | ||
| 942 | |2 ddc |c BK | ||
| 999 | |c 14522 |d 14522 | ||
